[Event "Turnier 40 / 120"]
[Site "Wien"]
[Date "2021.10.31"]
[Round "37"]
[White "MCGE 300 MHZ"]
[Black "MCGP 120 MHZ"]
[Result "1-0"]
[BlackElo "2301"]
[WhiteElo "2412"]

1. e4 c5 2. Ne2 Nc6 3. d4 cxd4 4. Nxd4 Nf6 5. Nc3 e5 6. Ndb5 d6 7. Nd5 Nxd5
8. exd5 Nb8 {Buchende} 9. Be3 Be7 {Buchbewertung MCGP -0,01} 10. Qd2 a6 11.
Na3 {Buchende} b5 12. c4 {Buchbewertung MCGE +0,10 lt. Stockfish ist die
Stellung etwa gleich.} f5 13. f4 exf4 14. Bxf4 bxc4 {deutlich besser ist
Sd7, Stockfish +1,20 für Weiss mit der Fortsetzung Sxc4.} 15. Nxc4 O-O 16.
Be2 {deutlich besser ist O-O-O, Stockfish nur noch +0,20 für Weiss mit der
Fortsetzung a5.} Re8 {deutlich schwächer als a5, nun ist Weiss wieder klar
in Vorteil mit ca. +1,50.} 17. O-O Nd7 18. Be3 {deutlich besser ist Lh5,
Stockfish nur noch +0,30 für Weiss.} Nc5 {deutlich besser ist Se5,
Stockfish wieder +1,00 für Weiss mit der Fortsetzung Lxc5.} 19. Rac1 {damit
ist die Stellung wieder im Lot, Stockfish 0,00 mit der Fortsetzung Se4.}
Rb8 20. Bh5 g6 21. Bf3 Ne4? {ein sehr schlechter Zug, der Weiss eigentlich
schon entscheidend in Vorteil bringt, Stockfish +3,30 für Weiss mit der
Fortsetzung Lxe4, nötig war Lf6 mit geringem Vorteil für Weiss.} 22. Bxe4
{der richtige Zug, MCGE sieht allerdings keinen Vorteil, Bewertung nur
+0,09.} fxe4 23. Na5! {erneut der richtige Zug, Stockfish bereits +4,00 für
Weiss.} Bd7 24. Nc6 Bxc6 25. dxc6 {die Stellung ist verloren für Schwarz,
Stockfish +7,00 für Weiss, MCGE sieht erst geringen Vorteil mit +0,54.} Rb5
26. c7 {noch stärker ist a4, aber auch diese Fortsetzung sollte leicht zum
Sieg reichen für Weiss.} Qa8 {mehr Widerstand bot noch Dd7, verliert aber
auch schon klar.} 27. Qd1 Qc8 28. Qd4 Re5 29. Rc6 a5 30. Bf4 Rf5 31. Qxe4
d5 32. Qe3 {MCGE sieht sich hier bereits klar im Vorteil mit +2,03, der
MCGP sieht es ähnlich.} g5 33. Bg3 Rxf1+ 34. Kxf1 a4 35. Qe6+ Qxe6 36. Rxe6
{(Tc6xe6) +8.59/26 4} Rf8+ 37. Ke2 Bb4 38. Re5 Rc8 39. Rxd5 Be7 40. Rb5 Kf7
41. Rb8 Rxc7 42. Bxc7 {Userentscheid: 1-0} 1-0
[/pgn]
[pgn]

[Event "Turnier 40 / 120"]
[Site "Wien"]
[Date "2021.11.01"]
[Round "38"]
[White "MCGP 120 MHZ"]
[Black "MCGE 300 MHZ"]
[Result "1/2-1/2"]
[BlackElo "2412"]
[WhiteElo "2301"]

1. Nf3 Nf6 2. c4 e6 3. d4 b6 4. a3 Ba6 5. Qc2 d5 6. cxd5 exd5 7. Nc3
{Buchende} c6 {Buchende} 8. Bf4 {Buchbewertung MCGP +0,57} Bd6
{Buchbewertung MCGE -0,32 / lt. Stockfish steht Weiss etwas besser mit ca.
+0,60.} 9. Bxd6 Qxd6 10. e3 Bxf1 11. Kxf1 O-O 12. Ke2 Nbd7 13. Rhc1 Rae8
14. Kf1 a5 15. Kg1 Rc8 16. Rab1 Rfe8 17. b4 axb4 18. axb4 Nf8 19. Ra1 Ng6
20. Ne2 Ne4 21. Ra6 {die Stellung ist im Lot, Stockfish 0,00} Qxb4 22. Rb1
Qe7 23. Raxb6 c5 24. dxc5 Rxc5 25. Qd3 Rec8 26. Rb7 Qf6 27. Rb8 Qd8 28. Qb3
Nh4 29. Nxh4 Qxh4 30. g3 Qg4 31. Rc1 Rxc1+ 32. Nxc1 {die Stellung ist immer
noch im Lot, Stockfish 0,00} Nf6 33. Nd3 g6 34. Ne5 Qe6 35. Qb2 Rxb8 36.
Qxb8+ Kg7 37. Qc7 Ne4 38. Kg2 Nd2 39. Qc3 f6 40. Qc7+ Kg8 41. Qb8+ Kg7 42.
Qb7+ Kh8 43. Qf7 Qxf7 44. Nxf7+ Kg7 45. Nd6 Kf8 46. Nb5 Ke7 47. g4 g5 48.
h4 Nc4 49. Kg3 Nd2 50. Nd4 Kd6 51. hxg5 Ne4+ 52. Kg2 fxg5 53. f3 Nf6 54.
Nb3 Ke5 55. Kf2 Nd7 56. Ke2 Nf8 57. Nd4 Nd7 58. Nb5 Nb6 59. Kf1 Nd7
{Userentscheid: Remis} 1/2-1/2
[/pgn]
[pgn]

[Event "Turnier 40 / 120"]
[Site "Wien"]
[Date "2021.11.02"]
[Round "39"]
[White "MGCE 300 MHZ"]
[Black "MCGP 120 MHZ"]
[Result "1-0"]
[BlackElo "2301"]
[WhiteElo "2412"]

1. e4 c6 2. d4 d5 3. e5 Bf5 4. c4 e6 5. Nc3 Nd7 {Buchende} 6. Nge2
{Buchende} dxc4 {Buchbewertung MCGP +0,03} 7. Ng3 {Buchbewertung MCGE -0,14
/ lt. Stockfish ist die Stellung etwa gleich.} b5 {deutlich besser ist Sb6,
Stockfish +1,20 für Weiss mit der Fortsetzung Sxf5, nach Sb6 wäre die
Stellung im Lot.} 8. Nxf5 exf5 9. Be2 {deutlich schwächer als a4, womit
Vorteil zu haben war, nach dem Textzug ist die Stellung wieder im Lot mit
der Fortsetzung Lb4 für Schwarz.} Bb4 10. O-O Ne7 11. a3 Ba5 12. a4 a6 13.
Bf3 O-O 14. Be3 Qc7 15. Qc2 Rfd8 {deutlich besser ist Sb6 mit leichtem
Vorteil für Schwarz, nach dem Textzug ist Weiss im Vorteil mit ca. +0,80
mit der Fortsetzung Lg5} 16. axb5 {auch nach dieser Fortsetzung ist Weiss
leicht im Vorteil} axb5 17. Nxb5 cxb5 18. Bxa8 Rxa8 19. b4 {Weiss steht
besser mit etwa +1,00 lt. Stockfish.} f6? {ein sehr schlechter Zug, der die
Partie praktisch schon verliert, Stockfish +3,20 für Weiss.} 20. bxa5 fxe5
21. Rfb1 Rb8? {nochmals um 2 Bauerneinheiten schlechter als f4, Stockfish
+5,80 für Weiss.} 22. a6 f4 23. Bd2 f3 24. Qe4 Qc6 25. Qxc6 Nxc6 26. dxe5
Nd4 27. Be3 Ne2+ 28. Kf1 Nc3 29. Rb2 Ra8 30. Ra3 Nd1 31. Rxb5 fxg2+ 32.
Kxg2 Nxe3+ 33. fxe3 Nb8 34. a7 Nc6 35. Rb7 g5 36. Ra6 Rxa7 37. Raxa7 Nxa7
38. Rxa7 {Rest geschenkt.} 1-0
[/pgn]
[pgn]

[Event "Turnier 40 / 120"]
[Site "Wien"]
[Date "2021.11.02"]
[Round "40"]
[White "MCGP 120 MHZ"]
[Black "MGCE 300 MHZ"]
[Result "1/2-1/2"]
[BlackElo "2412"]
[WhiteElo "2301"]

1. e4 c5 2. Ne2 Nc6 3. d4 cxd4 4. Nxd4 e5 5. Nb5 Nf6 6. N1c3 d6 7. Bg5 a6
8. Na3 Be6 9. Nc4 b5 10. Bxf6 {Buchende} Qxf6 {Buchende} 11. Nxd6+
{Buchbewertung MCGP +0,14} Bxd6 {Buchbewertung MCGE -0,62 / lt. Stockfish
ist die Stellung etwa gleich.} 12. Qxd6 Nd4 13. Bd3 Qg5? {deutlich besser
ist Td8, nach dem Textzug ist Weiss klar in Vorteil, Stockfish +1,80 mit
der Fortsetzung h4.} 14. Kf1 {doch MCGP kommt nicht drauf, Stockfish wieder
0,00} Rc8 15. Nd5 {auch hier verdiente noch h4 den Vorzug.} Nxc2 16. Bxc2
Bxd5 17. exd5 Rxc2 18. Re1 f6 19. Qe6+ Kd8 20. Qd6+ Ke8 21. Qxa6 Rxb2 22.
Qe6+ Kd8? {dieser Zug verliert, nötig war Kf8 und es ist Remis, Stockfish
+2,00 für Weiss mit der Fortsetzung Db6+.} 23. Qb6+ Ke8 24. Qe6+ {MCGP
sieht keinen Vorteil und spielt auf Zugwiederholung, h4 nebst Th3 und Weiss
gewinnt (MCGE hatte h4 erwartet.)} Kd8 25. Qd6+ Ke8 26. Qe6+
{Stellungswiederholung} 1/2-1/2
[/pgn]
[pgn]

[Event "Turnier 40 / 120"]
[Site "Wien"]
[Date "2021.11.03"]
[Round "41"]
[White "MCGE 300 MHZ"]
[Black "MCGP 120 MHZ"]
[Result "1/2-1/2"]
[BlackElo "2301"]
[WhiteElo "2412"]

1. c4 Nf6 2. d4 e6 3. g3 c5 4. Nf3 b6 5. Bg2 Bb7 6. Nc3 cxd4 7. Qxd4 Nc6 8.
Qf4 Bb4 {Buchende} 9. O-O Bxc3 {Buchbewertung MCGP +0,03} 10. bxc3
{Buchende} Ne7 11. Rd1 {Buchbewertung MCGE -0,09 / lt. Stockfish ist die
Stellung etwa gleich.} Ng6 12. Qd6 Rc8 13. Bg5 Qc7 14. Bxf6 {ein schwacher
Zug, der Schwarz klaren Vorteil bringt, Stockfish +1,00 mit der Fortsetzung
Dxd6.} gxf6 {schwächer als Dxd6, Stockfish +0,50 für Schwarz.} 15. Qxc7
{ganz schwach, deutlich besser ist Dd4 Stockfish +1,30 für Schwarz, der
Doppelbauer auf der offenen C-Linie ist natürlich ganz schwach für Weiss.}
Rxc7 16. Nd4 Bxg2 17. Nb5 Rc6 18. Nxa7 Rxc4 {besser ist Le4 mit klarem
Vorteil für Schwarz.} 19. Kxg2 Ke7 20. Nb5 d5 21. Rd4 Ne5 22. f4 Ng4 23.
Rb1 Ra8 24. h3 Ne3+ 25. Kf2 Rxd4 26. cxd4 Nc4 27. a3 Kd8? 28. e3 h5 29. Rb4
{deutlich besser ist g4, Stockfish +2,00 für Schwarz mit der Fortsetzung
f5.} Nxa3? {verspielt leider den gesamten Vorteil, Stockfish 0,00, die
Stellung ist klar Remis.} 30. Nxa3 Rxa3 31. Rxb6 Kc7 32. Rb5 f5 33. Rc5+
Kd7 34. Rb5 Ra2+ 35. Kf3 Kc8 36. Rc5+ Kd8 37. Rb5 Kc7 38. Rc5+ Kd8 39. Rb5
Kc7 40. Rc5+ Kd8 {Stellungswiederholung} 1/2-1/2
[/pgn]
[pgn]

[Event "Turnier 40 / 120"]
[Site "Wien"]
[Date "2021.11.03"]
[Round "42"]
[White "MCGP 120 MHZ"]
[Black "MCGE 300 MHZ"]
[Result "1/2-1/2"]
[BlackElo "2412"]
[WhiteElo "2301"]

1. e4 c5 2. c3 d5 3. exd5 Qxd5 4. Nf3 Nf6 5. Be2 e6 6. O-O Nc6 7. Na3
{Buchende} Be7 8. d4 O-O 9. Nb5 {MCGP wieder im Buch} Qd8 10. dxc5
{Buchende} Bxc5 11. Bf4 {Buchbewertung MCGP +0,10} Nd5 12. Bg3 a6 13. Nbd4
Nxd4 {Buchende} 14. cxd4 {besser ist Sxd4, um den Isolani zu vermeiden.}
Bd6 {Buchbewertung MCGE -0,25 / lt. Stockfish ist die Stellung etwa
gleich.} 15. Qc2 Nb4 16. Qc3 Nd5 17. Qd3 Bxg3 18. hxg3 Bd7 19. Qb3 Qb6 20.
Qxb6 Nxb6 21. Rac1 Rfc8 22. a3 Bc6 23. Rfe1 Bd5 24. Ne5 Na4 25. b4 Nc3 26.
Bd3 Nb5 27. Nd7 Rc6 28. Rxc6 {besser ist Se5, nach dem Textzug hat Schwarz
lt. Stockfish leichten Vorteil mit ca. +0,80.} Bxc6 29. Ne5 Nxd4 30. Nxc6
Nxc6 31. Rc1 Kf8 32. g4 h6 33. g3 {eine weitere kleine Ungenauigkeit,
langsam wächst der Vorteil von Schwarz Stockfish +1,50 mit der Fortsetzung
Ke7,besser ist Lxa6 mit ca. +0,90 für Schwarz.} Ke7 34. Kg2 Kd6 35. Be4 Kc7
36. f4 Rd8 37. Kf3 Kb6 38. Ke2 Ne7 39. Rc5 {eine weitere Ungenauigkeit,
besser ist Ke3, Stockfish +1,70 für Schwarz mit der Fortsetzung Tc8.} Nd5?
{ein sehr schlechter Zug um 1,50 Bauerneinheiten schlechter als Tc8,
Stockfish nur noch +0,20 für Schwarz mit der Fortsetzung Lxd5.} 40. Bxd5!
{der richtige Zug und Weiss erlangt Ausgleich, der MCGE hätte den weit
schwächeren Zug Lf3 erwartet.} Rxd5 41. Rc4 {der MCGP verwirft im letzten
Moment den deutlich besseren Zug Tc8, nach dem Textzug ist Schwarz wieder
mit ca. +1,00 im Vorteil mit der Fortsetzung a5.} e5 {auch nicht optimal,
reduziert den Vorteil beträchtlich, nur noch +0,30 für Schwarz.} 42. Ke3
exf4+ 43. gxf4 f5 44. gxf5! {die richtige Fortsetzung, Schwarz ist trotz
des Mehrbauern nur minimal im Voteil mit +0,20 lt. Stock, die Partie ist
praktisch Remis.} Rxf5 {MCGE +1,28 beurteilt die Lage viel zu optimistisch,
ebenso sein Kontrahent mit der Bewertung, die Realität liegt aber für beide
Geräte zu tief begraben, bei optimaler Verteidigung sollte Weiss das Remis
sichern, aber natürlich bleibt das hier noch abzuwarten, ob er es auch
schafft.} 45. a4! {ein ganz schlechter Zug, der die Partie verliert,
Stockfish +2,50 für Schwarz mit der Fortsetzung g5.} Rf6? {doch dieses
Endspiel ist für beide Kontrahenten offenbar nicht zu durchschauen, dieser
Zug verspielt den ganzen Vorteil Stockfish 0,00 mit der Fortsetzung a5+.}
46. a5+ Ka7 47. Rc7 Rg6 {die Stellung ist trotz Mehrbauern für Schwarz
nicht mehr zu gewinnen, Stockfish 0,00.} 48. Kf3 Rg1 49. Kf2 Rb1 50. Rxg7
Rxb4 51. Ke3 Rb5 {MCGE 0,00 sieht an dieser Stelle schon das Remis mit der
Fortsetzung Ke4.} 52. Rh7 {auch diese Fortsetzung führt zum Remis,
Stockfish 0,00} Rxa5 53. Rxh6 Rf5 54. Ke4 Rf8 55. f5 b5 56. f6 b4 57. Kd3
{die Stellung ist immer noch Remis, Stockfish 0,00} a5 58. Kc4 Kb7 59. Rh5
Rxf6 60. Rxa5 {Userentscheid: Remis} 1/2-1/2
[/pgn]
[pgn]

[Event "Turnier 40 / 120"]
[Site "Wien"]
[Date "2021.11.04"]
[Round "43"]
[White "MCGE 300 MHZ"]
[Black "MCGP 120 MHZ"]
[Result "1/2-1/2"]
[BlackElo "2301"]
[WhiteElo "2412"]

1. d4 d5 2. Nf3 Nf6 3. e3 c5 4. Nbd2 cxd4 5. exd4 Nc6 6. c3 Bf5 {Buchende}
7. Be2 {Buchende} e6 {Buchbewertung MCGP 0,00:} 8. Nf1 {Buchbewertung MCGE
+0,12 / lt. Stockfish steht Schwarz knapp besser mit ca. +0,30} Bd6 9. Bg5
h6 10. Bh4 O-O 11. Ne3 Bg6 12. Ng4 Be7 13. Bxf6 Bxf6 14. O-O Rb8 15. Re1
Bf5 16. Nxf6+ Qxf6 17. Bb5 Rfc8 18. a4 a6 19. Bd3 Rc7 20. Ne5 Nxe5 21. Rxe5
Bxd3 22. Qxd3 Rbc8 23. h3 Rc6 24. a5 b5 25. axb6 Rxb6 26. Re2 Qf4 27. Qd2
Qb8 28. Ra3 Rcc6 29. Kh1 Rb5 30. Kg1 a5 31. Ra2 Rcb6 32. Qc1 Rb3 33. Kh1 a4
34. Rxa4 Rxb2 35. Rxb2 Rxb2 36. Ra8 Qxa8 37. Qxb2 g5 38. g4 Qa6 39. Kg2 Qd3
40. Qb8+ Kg7 41. Qg3 Qe4+ 42. Qf3 Qb1 43. Qe2 Kg6 44. Qe5 Qc2 45. Qb8 Qe4+
46. Kg1 Kg7 47. Qg3 h5 48. gxh5 Kh6 49. Qb8 Kxh5 50. Qg8 Qg6 51. Qh8+ Qh6
52. Qg8 Qg6 53. Qh8+ Qh6 54. Qg8 Qg6 {Stellungswiederholung} 1/2-1/2
[/pgn]
[pgn]

[Event "Turnier 40 / 120"]
[Site "Wien"]
[Date "2021.11.05"]
[Round "44"]
[White "MCGP 120 MHZ"]
[Black "MCGE 300 MHZ"]
[Result "1/2-1/2"]
[BlackElo "2412"]
[WhiteElo "2301"]

1. Nf3 Nf6 2. d4 b6 3. e3 Bb7 4. Bd3 c5 5. O-O e6 6. c4 d6 7. Nc3 Nbd7 8.
b3 {Buchende} a6 {Buchende} 9. Ba3 {Buchbewertung MCGP -0,01} Be7
{Buchbewertung MCGE +0,10 / lt. Stockfish steht Weiss knapp besser mit ca.
+0,30.} 10. Re1 O-O 11. Rc1 h6 12. h3 Qc8 13. Bc2 b5 14. dxc5 dxc5 15. Bb2
bxc4 16. bxc4 Qc7 17. Na4 Bc6 18. Rb1 Rfd8 19. Qe2 Rab8 20. Bc3 Ne4 21.
Bxe4 Bxe4 22. Rxb8 Rxb8 23. Nb2 Bf6 24. Bxf6 Nxf6 25. Nd3 Qa5 26. Rd1 Bxd3
27. Rxd3 Rb1+ 28. Kh2 Ne4 29. Rb3 Rxb3 30. axb3 Qc3 31. Qa2 a5 32. Kg1 Qc1+
33. Kh2 Kh7 34. Qxa5 Nxf2 35. Qe1 Qc2 36. Qd2 Qxd2 37. Nxd2 Kg6 38. Kg1 Nd3
39. Kf1 f5 40. Ke2 Nb4 41. Nb1 Kf6 42. Nc3 Ke5 43. Kd2 f4 44. Na4 Na6 45.
Ke2 h5 46. h4 fxe3 47. Kxe3 Kf5 48. Kf3 g6 49. Nc3 Nb8 50. Ne4 Nd7 51. Ke3
Kg4 52. g3 Kf5 53. Kd3 e5 54. Ke3 Ke6 55. Ke2 {Userentscheid: Remis}
1/2-1/2
[/pgn]
[pgn]

[Event "Turnier 40 / 120"]
[Site "Wien"]
[Date "2021.11.05"]
[Round "45"]
[White "MCGE 300 MHZ"]
[Black "MCGP 120 MHZ"]
[Result "1-0"]
[BlackElo "2301"]
[WhiteElo "2412"]

1. c4 Nf6 2. Nc3 e6 3. Nf3 d5 4. cxd5 exd5 5. d4 Bb4 6. Bg5 h6 7. Bh4 O-O
8. e3 c5 9. Bd3 c4 {Buchende} 10. Bc2 {Buchende} Nc6 {Buchbewertung MCGP
-0,54} 11. O-O {Buchbewertung MCGE +0,50 / lt. Stockfish steht Weiss etwas
besser mit ca. +0,50.} Be6 {g5 war die bessere Wahl, Stockfish +1,30 für
Weiss mit der Fortsetzung Se5.} 12. Ne5 Be7 13. Bg3 {deutlich besser ist
f4.} Qb6 14. Rb1 Rfd8 15. a4 Nd7 16. Nxd7 Rxd7 17. Ne2 Qa6 18. Ra1 Bg4 19.
h3 Be6 20. b3 Nb4 21. bxc4 Qxc4 {deutlich besser ist dxc4.} 22. Bb3
{deutlich besser ist Lb1} Qa6 23. Nf4 Bf5 24. Qf3 Be4 25. Qg4 Rad8 26. Rfc1
Qf6 27. a5 Bf5 {deutlich besser ist b5, Stockfish +1,30 für Weiss mit der
Fortsetzung De2.} 28. Nh5 {etwa gleichwertig mit De2, Weiss bleibt im
Vorteil.} Qg6 29. Qxg6 fxg6 30. Nf4 g5 31. Ne2 Nd3 32. Rd1 {deutlich besser
ist Tc7.} Rc8 33. Ba4 Rdd8 34. Rdb1 Nb4 35. Rb2 Rf8 36. Be5 Rf7? {ein
schwacher Zug, der praktisch die Partie schon verliert, Stockfish +3,00 mit
der Fortsetzung Sg3, nötig war Ld3.} 37. Ng3 Bg6 38. Bd7 Rc2 39. Rxc2 Nxc2
40. Rb1 Nb4 41. Rc1 Nd3 42. Rc7 Bd8 43. Rxb7 {die Stellung ist schon klar
verloren für Schwarz, Stockfish +6,00 für Weiss.} Kh7 44. a6 Nxe5 45. dxe5
h5 46. Rxa7 h4 47. Nf1 Bd3 48. e6 Re7 49. Ra8 Bb6 50. a7 Bxa7 51. Rxa7
{Rest geschenkt.} 1-0
[/pgn]
[pgn]

[Event "Turnier 40 / 120"]
[Site "Wien"]
[Date "2021.11.06"]
[Round "46"]
[White "MCGP 120 MHZ"]
[Black "MCGE 300 MHZ"]
[Result "1-0"]
[BlackElo "2412"]
[WhiteElo "2301"]

1. Nf3 Nf6 2. c4 e6 3. Nc3 d5 4. e3 Be7 5. d4 {Buchende} c5 {Buchende} 6.
dxc5 {Buchbewertung MCGP +0,40} Bxc5 {Buchbewertung MCGE -0,29 / lt.
Stockfish steht Weiss etwas besser mit ca. +0,50} 7. cxd5 exd5 8. Bb5+ Nc6
9. Nd4 Qd6 {Buchzug / Buchende} 10. O-O O-O 11. Be2 a6 12. Qd3 Nb4 13. Qd2
Ne4 14. Qd1 Bxd4 15. exd4 Bf5 16. a3 Nc6 17. Be3 Nf6 18. Rc1 Rfe8 19. Re1
b5 20. b4 Re6 21. Qd2 Rae8 22. Bg5 h6 23. Bxf6 Rxf6 24. Bf3 Rxe1+ 25. Rxe1
Be6 26. Qe3 Ne7 27. Rc1 Ng6 28. g3 Qd7 29. Bg2 Qd6 {deutlich besser ist
Se7.} 30. Nd1 Kh8? {besser ist h5.} 31. Rc5 Qd7? {eine ganz Reihe schwacher
Züg bringt Schwarz hier schon ganz klar auf die Verliererstrasse, auch hier
war Se7 noch deutlich vorzuziehen, Stockfish +3,00 für Weiss mit der
Fortsetzung Dc3.} 32. Qc3! Bh3 33. Bxd5 {deutlich besser ist Txd5.} Nf4 34.
Bf3 Ne6 {deutlich besser ist Sg6, Stockfish +2,30 für Weiss mit der
Fortsetzung Td5.} 35. Rd5 Qe8 36. Bh1 Ng5 37. Re5 Qd7 38. Ne3 Rd6 39. Rd5
Rxd5 40. Bxd5 Ne6 41. f4 Kg8 42. f5 {deutlich besser ist Kf2} Ng5 43. Qc6
Bxf5 {nach mehreren kleineren Ungenauigkeiten hat Weiss hier einen
Grossteil des Vorteils verspielt, Stockfish noch +0,90 für Weiss mit der
Fortsetzung Kf2.} 44. Qa8+ Kh7 45. Qxa6 {deutlich besser ist h4 mit ca.
+1,00 für Weiss, nach dem Textzug ist Schwarz schon knapp im Vorteil lt.
Stockfish +0,20 mit der Fortsetzung De7.} Qe7 46. Kf2 Bd3 47. Bg2 Ne6
{besser ist Se4+ mit leichtem Vorteil für Schwarz, nach dem Textzug ist die
Stellung im Lot, Stockfish 0,00.} 48. Qb6 Qf6+ 49. Ke1 Qxd4? {ein absoluter
Verlustzug, Stockfish +5,00 für Weiss, nötig war Lb1 und Schwarz hat sehr
gute Remischancen.} 50. Qxd4 Nxd4 51. Kd2 Be2 52. Kc3 Ne6 53. Nf5 Kg6 54.
Nd4 Nxd4 55. Kxd4 Kf5 56. Bh3+ Kg5 57. Bc8 f5 58. Ba6 Kg4 59. Ke3 Bc4 60.
a4 Kh3 61. Bxb5 Bb3 62. Bc6 {Rest geschenkt.} 1-0
[/pgn]
[pgn]

[Event "Turnier 40 / 120"]
[Site "Wien"]
[Date "2021.11.07"]
[Round "47"]
[White "MCGE 300 MHZ"]
[Black "MCGP 120 MHZ"]
[Result "1-0"]
[BlackElo "2301"]
[WhiteElo "2412"]

1. c4 e5 2. Nc3 d6 3. e4 Nc6 {Buchende} 4. Nge2 {Buchende} Bg4
{Buchbewertung MCGP +0,14} 5. f3 {Buchbewertung MCGE +0,12 / lt. Stockfish
steht Weiss besser mit ca. +0,80.} Be6 6. Nd5 {deutlich besser ist d4,
Weiss steht nur noch knapp besser mit ca. +0,30} Nce7 {besser ist Sd4.} 7.
d4 c6 8. Ne3 Nf6 {besser ist f5.} 9. Ng3 {deutlich besser ist d5 mit klarem
Vorteil für Weiss, nach dem Textzug ist die Stellung wieder im Lot.} Ng6
{besser ist exd4.} 10. Nef5 {auch hier verdiente noch d5 den Vorzug.} Qa5+
11. Bd2 Qb6 {besser ist Dc7.} 12. Bc3 O-O-O {immer noch war Dc7 die bessere
Wahl.} 13. Qd2 Qc7 14. d5 Bd7 15. dxc6 Qxc6 16. Rd1 Ne8 17. Bb4 Be6 18. b3
Kb8 19. Ne3 Be7 20. Nd5 Bh4 21. Be2 f5? {ein schwacher Zug, der Weiss
klaren Vorteil bringt, Stockfish +2,50 mit der Fortsetzung exf5, deutlich
besser ist h6 mit nur geringem Vorteil für Weiss.} 22. exf5 Bxf5 23. O-O
Bxg3 24. hxg3 Be6 25. a4 {besser ist Se3.} Bxd5 26. cxd5 Qd7 27. Ba5 Rc8
28. Bb5 {besser ist De3.} Qf7 29. Qb4 Qe7 30. Qa3 {deutlich besser ist Ld3,
damit hat Weiss auf Raten den gesamten Vorteil verspielt, Stockfish 0,00
mit der Fortsetzung h5.} Nc7 {deutlich schwächer als h5, Stockfsih +1,20
für Weiss mit der Fortsetzung Ld3.} 31. Bd3 Qf6 32. Bb4 Rhd8 33. Be4 Ne7
34. Be1 h5 {deutlich besser ist Sf5, Stockfish +2,50 für Weiss mit der
Fortsetzung b4.} 35. b4 Qf7 {eine weitere Ungenauigkeit, die die Partie
praktisch schon verliert, Stockfish +4,50 für Weiss mit der Fortsetzung
Lf2.} 36. Bf2! {der richtige Zug, aber MCGE sieht noch keinen grossen
Vorteil, nur +0,40.} Rh8 {MCGP sieht auch keine grosse Gefahr, Bewertung
-0,43, Stockfish -6,00 mit der Fortsetzung De3, etwas mehr Widerstand bot
noch Sa8, verliert aber auch schon klar.} 37. b5 Ne8 38. Rc1 Rf8 39. a5
Rxc1 40. Rxc1 {noch stärker ist Lxa7, aber das kann man von einem
Brettcomputer nicht verlangen, aber natürlich gewinnt auch diese
Fortsetzung leicht, Stockfish +6,00 für Weiss.} Nc8 41. Qc3 {auch hier
stand Weiss mit b6 eine bessere Alternative zur Verfügung.} Qc7 42. Qd2 Qf7
43. Qe3 Nc7 44. b6 axb6 45. axb6 Na6 46. Ra1 Rd8 47. Qc3 Rf8 48. Bd3 g5 49.
Rb1 Ne7 50. Bxa6 Nxd5 51. Qa5 bxa6 52. b7 Qf5 53. Rb5 Qc2 {Stockfish Matt
in 21 !!} 54. Qxa6 Kc7 55. Qa8 Rb8 56. Qxb8+ Kxb8 57. Ba7+ Kc7 58. b8=Q+
{Rest geschenkt.} 1-0
[/pgn]
[pgn]